| 000 | 00907nam0a2200265 4500 | ||
|---|---|---|---|
| 001 | RU\NLR\ONL1\1944 | ||
| 005 | 20260406072259.0 | ||
| 035 | _a(NLR Aleph) 009630699 | ||
| 090 |
_a9491552 _c9491552 |
||
| 100 | _a20030922d1961 |||y0rusy50 ca | ||
| 101 | 0 | _achm | |
| 102 | _aRU | ||
| 105 | _aa ||||||||| | ||
| 200 | 1 |
_aШошо мардеж _eПочеламут ден муро-влак _fБик А. |
|
| 210 |
_aЙошкар-Ола _cКн. лукшо марий изд-во _d1961 |
||
| 215 |
_a127 с. _cпортр. _d13 |
||
| 541 | 1 |
_aВесенний ветер _zrus |
|
| 686 | 1 | _aШ6(2=Мар)7-5 | |
| 700 | 1 |
_4070 _8rus _cмарийский писатель _7ca _aБик _bА. _f1915-1980 _gАнатолий _3RU\NLR\auth-onl\7771 _9130131 |
|
| 801 | 0 |
_aRU _bNLR _c20030922 _gPSBO |
|
| 852 |
_aNLR _bОНЛ _jМар.л./1-299 |
||
| 942 | _cBOOK | ||
| 980 | _aNB | ||